000 00891nam a2200229 a 4500
001 80196
003 BD-RjUL
005 20220811154609.0
008 220811s2021 bg ||||| |||| 00| 0 eng d
020 _a9789845063487
035 _a(BD-RjUL)80196
040 _aBD-RjUL
_beng
_cBD-RjUL
041 _aeng
082 _223
_a332.0415
_bRAB 2021
100 _aরহমান, মো. রকিবুর
_94364
245 _aবাংলাদেশের পুঁজিবাজার ও বিবিধ ভাবনা /
_cমো. রকিবুর রহমান
260 _aঢাকা :
_bইউনিভার্সিটি প্রেস লিমিটেড,
_c২০২১
300 _a৬৬ পৃ.;
_c২২ সেমি.
650 _aপুঁজিবাজার
_zবাংলাদেশ
_94365
650 _aCapital market
_zBangladesh
_92893
942 _2ddc
_cBK
999 _c80196
_d80196